000 00384nam a2200133 i 4500
001 bg
100 1 _aKISIELEWICZ, Jerzy
245 0 _aMetodyka projektowania budynków mieszkalnych o ekonomicznie uzasadnionej charakterystyce cieplnej /
_cJerzy Kisielewicz.
260 _aKraków,
_c1977.
040 _cBPK
041 _apol
942 _cKS
008 s pl f |000 0 pol
999 _c9827
_d9827
856 _uhttp://koha.tu.koszalin.pl/cgi-bin/koha/opac-detail.pl?biblionumber=9827
_yKatalog online BPK